Progress of Arab women 2004 : (Record no. 10194)
[ view plain ]
| 000 -LEADER | |
|---|---|
| fixed length control field | 00680nam a22001815a 4500 |
| 005 - DATE AND TIME OF LATEST TRANSACTION | |
| control field | 20201124142042.0 |
| 008 - FIXED-LENGTH DATA ELEMENTS--GENERAL INFORMATION | |
| fixed length control field | 080923t2004 jo a|||fr|||| 00| 0 eng d |
| 040 ## - CATALOGING SOURCE | |
| Original cataloging agency | EG-ScBUE |
| Language of cataloging | eng |
| Transcribing agency | EG-ScBUE |
| 082 04 - DEWEY DECIMAL CLASSIFICATION NUMBER | |
| Edition number | 22 |
| Classification number | 301.4235956 |
| Item number | PRO |
| 245 10 - TITLE STATEMENT | |
| Title | Progress of Arab women 2004 : |
| Remainder of title | one paradigm, four arenas and more than 140 million women / |
| Statement of responsibility, etc | UNIFEM: United Nations Development Fund For Women. |
| 260 ## - PUBLICATION, DISTRIBUTION, ETC. (IMPRINT) | |
| Place of publication, distribution, etc | Amman, Jordan : |
| Name of publisher, distributor, etc | UNIFEM: United Nations Development Funds For Women, |
| Date of publication, distribution, etc | 2004. |
| 300 ## - PHYSICAL DESCRIPTION | |
| Extent | xvii, 309 p. : |
| Other physical details | ill., photos, tables ; |
| Dimensions | 20 cm. |
| 590 ## - LOCAL NOTE (RLIN) | |
| Local note | yassmeen ashraf |
| 651 ## - SUBJECT ADDED ENTRY--GEOGRAPHIC NAME | |
| Source of heading or term | BUEsh |
| 653 ## - INDEX TERM--UNCONTROLLED | |
| Resource For college | BAEPS, Political Science |
| Arrived date list | August2015 |
| 655 ## - INDEX TERM--GENRE/FORM | |
| Form subdivision | |
| -- | 34232 |
| 942 ## - ADDED ENTRY ELEMENTS (KOHA) | |
| Source of classification or shelving scheme | Dewey Decimal Classification |
| Item type | Book - Borrowing |
| Withdrawn status | Item status | Source of classification or shelving scheme | Damaged status | Not for loan | Home library | Current library | Shelving location | Date acquired | Source of acquisition | Total Checkouts | Full call number | Barcode | Date last seen | Date last borrowed | Koha item type |
|---|---|---|---|---|---|---|---|---|---|---|---|---|---|---|---|
| Dewey Decimal Classification | Central Library | Central Library | First floor | 23/09/2008 | Purchase | 6 | 301.4235956 PRO | 000013845 | 15/07/2025 | 20/10/2015 | Book - Borrowing |